| 000 | 00478nam a2200157Ia 4500 | ||
|---|---|---|---|
| 008 | 210716s2004 xx 000 0 und d | ||
| 020 | _a8181280245 | ||
| 041 | _aeng | ||
| 082 | _a004.22 DANS | ||
| 100 | _aDandamudi, Sivarama P. | ||
| 245 |
_aFundamentals of computer organization and design: with 361 illustrations. _bWith 361 illustrations. |
||
| 250 | _a1 | ||
| 260 |
_aNew Delhi _bSpringer _c2004 |
||
| 300 | _axxviii,1060 | ||
| 650 | _aComputer Architecture/Organization | ||
| 999 |
_c186201 _d186201 |
||